Principles of power system (Record no. 30817)

000 -LEADER
fixed length control field 00525nam a22001817a 4500
001 - CONTROL NUMBER
control field 30817
003 - CONTROL NUMBER IDENTIFIER
control field BD-DhUET
008 - FIXED-LENGTH DATA ELEMENTS--GENERAL INFORMATION
fixed length control field 150625b xxu||||| |||| 00| 0 eng d
040 ## - CATALOGING SOURCE
Original cataloging agency DLC
Transcribing agency DLC
Modifying agency BD-DhUET
082 ## - DEWEY DECIMAL CLASSIFICATION NUMBER
Classification number 623.1
Item number MEH/1985
100 ## - MAIN ENTRY--PERSONAL NAME
Personal name Mehta, V. K.
245 ## - TITLE STATEMENT
Title Principles of power system
Remainder of title includeing generation, transmission, distribution, switchgear and protection
250 ## - EDITION STATEMENT
Edition statement 2nd ed.
260 ## - PUBLICATION, DISTRIBUTION, ETC. (IMPRINT)
Place of publication, distribution, etc. New Delhi
Name of publisher, distributor, etc. S. Chand
Date of publication, distribution, etc. 1985
300 ## - PHYSICAL DESCRIPTION
Extent viii,706p.
Other physical details ill
650 #0 - SUBJECT ADDED ENTRY--TOPICAL TERM
Topical term or geographic name as entry element Electric power systems
942 ## - ADDED ENTRY ELEMENTS (KOHA)
Koha item type Reading Item
Holdings
Not for loan Lost status Koha normalized classification for sorting Koha item type Sublocation or collection (holding branch) Date acquired Koha full call number Source of classification or shelving scheme Damaged status Withdrawn status Koha date last seen Piece designation (barcode) Location (home branch) Copy number Shelving location Price effective from
  623_100000000000000_MEH_1985Reading ItemCentral Library, BUET2015-06-25623.1/MEH/1985   2015-06-2564997Central Library, BUET1Reading section2015-06-25
  623_100000000000000_MEH_1985Reading ItemCentral Library, BUET2015-06-25623.1/MEH/1985   2015-06-2564996Central Library, BUET2Reading section2015-06-25
  623_100000000000000_MEH_1985Reading ItemCentral Library, BUET2015-06-25623.1/MEH/1985   2015-06-2564998Central Library, BUET3Reading section2015-06-25
  623_100000000000000_MEH_1985Reading ItemCentral Library, BUET2015-06-25623.1/MEH/1985   2015-06-2565000Central Library, BUET4Reading section2015-06-25
  623_100000000000000_MEH_1985Reading ItemCentral Library, BUET2015-06-25623.1/MEH/1985   2015-06-2564999Central Library, BUET5Reading section2015-06-25